Quel est ce Nom ? #2 - Géographie - Statistiques

Statistiques générales
  • Ce quiz a été pris 109 fois
    107 depuis la dernière actualisation
  • Le résultat moyen est 11 sur 20
Statistiques - réponses
Hint Réponse % Correct
Maurice Île
93%
Nouveau-Mexique Territoire
91%
Majeur Lac
85%
Bali Île
81%
Nouveau-Brunswick Territoire
79%
Queensland Territoire
74%
Appalaches Montagnes
73%
Milos Île
70%
Brandebourg Territoire
66%
Tanganyika Lac
55%
Altai Montagnes
52%
Powell Lac
50%
Nouvelle-Guinée Île
41%
Turkana Lac
40%
Margarita Île
35%
Tyrol Territoire
35%
Sudètes Montagnes
27%
Maharashtra Territoire
26%
Quatre-Cantons Lac
24%
Hokkaido Territoire
21%
Aucun quiz correspondant
Distribution des résultats
% des personnes avec chaque résultat
Percentile par nombre de réponses
Votre historique - résultats
Vous n’avez pas pris ce quiz depuis la dernière actualisation